|
|
|
|
| LEADER |
00000cam a2200000 c 4500 |
| 001 |
273737201 |
| 003 |
DE-627 |
| 005 |
20260206193442.0 |
| 007 |
tu |
| 008 |
860730s1985 xxu||||| 00| ||eng c |
| 020 |
|
|
|a 0313233373
|9 0-313-23337-3
|
| 035 |
|
|
|a (DE-627)273737201
|
| 035 |
|
|
|a (DE-603)022104577
|
| 035 |
|
|
|a (DE-576)012027294
|
| 035 |
|
|
|a (DE-599)GBV273737201
|
| 035 |
|
|
|a (OCoLC)246825757
|
| 035 |
|
|
|a (OCoLC)10996759
|
| 035 |
|
|
|a (OCoLC)10996759
|
| 035 |
|
|
|a (DE-604)8004756606
|
| 040 |
|
|
|a DE-627
|b ger
|c DE-627
|e rakwb
|
| 041 |
|
|
|a eng
|
| 044 |
|
|
|c XD-US
|
| 050 |
|
0 |
|a HQ792.U5
|
| 082 |
0 |
|
|a 305.2/3/0973
|
| 082 |
0 |
|
|a 305.230973
|q LoC
|2 DDC19oclc
|
| 084 |
|
|
|a HR 1520
|2 rvk
|0 (DE-625)rvk/52957:
|
| 084 |
|
|
|a NW 8150
|2 rvk
|0 (DE-625)rvk/132307:
|
| 245 |
0 |
0 |
|a American childhood
|b a research guide and historical handbook
|c Joseph M. Hawes ...
|
| 264 |
|
1 |
|a Westport, Conn. [u.a.]
|b Greenwood Press
|c 1985
|
| 300 |
|
|
|a X, 711 S.
|
| 336 |
|
|
|a Text
|b txt
|2 rdacontent
|
| 337 |
|
|
|a ohne Hilfsmittel zu benutzen
|b n
|2 rdamedia
|
| 338 |
|
|
|a Band
|b nc
|2 rdacarrier
|
| 500 |
|
|
|a Bibliography: p. [633]-655
|
| 505 |
8 |
|
|a Literaturangaben. - Literaturverz. S. 633 - 655
|
| 505 |
8 |
|
|a Literaturangaben. - Literaturverz. S. 633 - 655
|
| 583 |
1 |
|
|a Archivierung prüfen
|c 20200919
|f DE-640
|z 2
|2 pdager
|
| 583 |
1 |
|
|a Archivierung prüfen
|c 20240324
|f DE-4165
|z 2
|2 pdager
|
| 648 |
|
7 |
|a Geschichte
|2 gnd
|
| 648 |
|
7 |
|a Sozialgeschichte
|2 gnd
|
| 650 |
0 |
7 |
|0 (DE-588)4030550-8
|0 (DE-627)104360100
|0 (DE-576)208988165
|a Kind
|2 gnd
|
| 650 |
|
4 |
|a Sozialgeschichte
|
| 650 |
|
4 |
|a Kind
|
| 650 |
|
4 |
|a Geschichte der Pädagogik
|
| 650 |
|
4 |
|a Sozialisation
|
| 650 |
|
4 |
|a Kinderpsychologie
|
| 650 |
|
4 |
|a Professionalisierung
|
| 651 |
|
7 |
|0 (DE-588)4078704-7
|0 (DE-627)106076612
|0 (DE-576)209209682
|a Usa
|2 gnd
|
| 653 |
|
0 |
|a Children
|a United States
|a History
|
| 655 |
|
7 |
|a Aufsatzsammlung
|0 (DE-588)4143413-4
|0 (DE-627)105605727
|0 (DE-576)209726091
|2 gnd-content
|
| 689 |
0 |
0 |
|d g
|0 (DE-588)4078704-7
|0 (DE-627)106076612
|0 (DE-576)209209682
|a USA
|2 gnd
|
| 689 |
0 |
1 |
|d s
|0 (DE-588)4030550-8
|0 (DE-627)104360100
|0 (DE-576)208988165
|a Kind
|2 gnd
|
| 689 |
0 |
2 |
|a z
|2 gnd
|a Geschichte
|
| 689 |
0 |
|
|5 (DE-627)
|
| 689 |
1 |
0 |
|a z
|2 gnd
|a Sozialgeschichte
|
| 689 |
1 |
|
|5 (DE-627)
|
| 700 |
1 |
|
|a Hawes, Joseph M.
|e Hrsg.
|4 edt
|
| 889 |
|
|
|w (DE-627)024198846
|
| 935 |
|
|
|i mdedup
|
| 935 |
|
|
|i Blocktest
|
| 935 |
|
|
|h HEB
|i 0501
|
| 935 |
|
|
|h HEB
|i 0503
|
| 936 |
r |
v |
|a HR 1520
|b Darstellungen unter besonderen Gesichtspunkten
|k Anglistik. Amerikanistik
|k Amerikanische Literatur
|k Allgemeines und sämtliche Epochen
|k Literaturgeschichte
|k Darstellungen unter besonderen Gesichtspunkten
|0 (DE-627)1270879111
|0 (DE-625)rvk/52957:
|0 (DE-576)200879111
|
| 936 |
r |
v |
|a NW 8150
|b Familie, Kinder
|k Geschichte
|k Wirtschafts- und Sozialgeschichte
|k Spezielle Sozialgeschichte
|k Einzelne Stände und Gesellschaftsgruppen
|k Familie, Kinder
|0 (DE-627)1271427524
|0 (DE-625)rvk/132307:
|0 (DE-576)201427524
|
| 936 |
s |
n |
|a h100
|2 mzub
|
| 936 |
s |
n |
|a n100
|2 mzub
|
| 936 |
s |
n |
|a m200
|2 mzub
|
| 951 |
|
|
|a BO
|
| ELC |
|
|
|b 1
|
| LOK |
|
|
|0 000 xxxxxcx a22 zn 4500
|
| LOK |
|
|
|0 001 3238616471
|
| LOK |
|
|
|0 003 DE-627
|
| LOK |
|
|
|0 004 273737201
|
| LOK |
|
|
|0 005 19900703000000
|
| LOK |
|
|
|0 008 900703||||||||||||||||ger|||||||
|
| LOK |
|
|
|0 040
|a DE-21
|c DE-627
|d DE-21
|
| LOK |
|
|
|0 852
|a DE-21
|
| LOK |
|
|
|0 852 1
|c KB 18 A 493
|9 00
|
| LOK |
|
|
|0 935
|a krim
|
| LOK |
|
|
|0 936ln
|a k1
|
| LOK |
|
|
|0 939
|a 03-07-90
|b l01
|
| ORI |
|
|
|a SA-MARC-krimdoka001.raw
|
| SIG |
|
|
|a UB: KB 18 A 493
|